000 00752cam a22002293a 4500
001 36334
003 PGUSA
005 20140828083803.0
008 110606s2011||||xxu|||||s|||||000 | eng d
040 _aPGUSA
_beng
042 _adc
050 4 _aQA
100 1 _aHaan, D. Bierens de
_q(David Bierens),
_d1822-1895
245 1 0 _aNote sur une Méthode pour la Réduction d'Intégrales Définies :
_bet sur son Application à Quelques Formules Spécials
_h[electronic resource] /
_cD. Bierens de Haan
260 _bProject Gutenberg,
_c2011
506 _aPublic domain in the USA.
516 _aElectronic text
653 _aDefinite integrals
830 0 _aProject Gutenberg
_v36334
856 4 0 _uhttp://www.gutenberg.org/ebooks/36334
942 _cEB
999 _c265589
_d265589